Kertas kerja Seminar Pendidikan Islam Masa Kini

Bibliographic Details
Corporate Authors: Seminar Pendidikan Islam Masa Kini (1985 : Terengganu), Kolej Ugama Sultan Zainal Abidin
Format: Book
Subjects:

MARC

LEADER 00000cam a2200000 7i4500
001 0000007301
005 20071122093000.0
008 021119n
090 0 0 |a LC903   |b .S45 
110 2 |a Seminar Pendidikan Islam Masa Kini (1985 : Terengganu) 
245 1 0 |a Kertas kerja Seminar Pendidikan Islam Masa Kini   |c Kolej Ugama Sultan Abidin 
650 0 |a Islamic education   |v Congresses 
710 2 1 |a Kolej Ugama Sultan Zainal Abidin 
999 |a 1000048058   |b Seminar Papers   |c Reference   |e Gong Badak Campus 
999 |a 1000048059   |b Seminar Papers   |c Reference   |e Gong Badak Campus 
999 |a 1000048060   |b Seminar Papers   |c Reference   |e Gong Badak Campus 
999 |a 1000048061   |b Seminar Papers   |c Reference   |e Gong Badak Campus